LEADER 01254nam a2200361 i 4500 001 991000966159707536 005 20020507180734.0 008 930628s1990 ||| ||| | eng 020 $a3540526587 035 $ab10782291-39ule_inst 035 $aLE01304997$9ExL 040 $aDip.to Matematica$beng 082 0 $a514.2 084 $aAMS 55P10 084 $aAMS 55P50 084 $aAMS 55R05 084 $aAMS 55R20 084 $aAMS 57M10 084 $aAMS 57N10 100 1 $aPiccinini, Renzo A.$055812 245 10$aGroups of self-equivalences and related topics :$bproc. of a conference held in Montreal, Canada, Aug.8-12, 1988 /$ced. R. A. Piccinini 260 $aBerlin :$bSpringer-Verlag,$c1990 300 $a214 p. ;$c24 cm. 490 0 $aLecture notes in mathematics,$x0075-8434 ;$v1425 650 4$aCovering spaces 650 4$aFiber spaces 650 4$aHomotopy equivalences 907 $a.b10782291$b23-02-17$c28-06-02 912 $a991000966159707536 945 $aLE013 55P PIC11 (1990)$g1$i2013000290256$lle013$o-$pE0.00$q-$rl$s- $t0$u0$v0$w0$x0$y.i10882030$z28-06-02 996 $aGroups of self-equivalences and related topics$9921995 997 $aUNISALENTO 998 $ale013$b01-01-93$cm$da $e-$feng$gxx $h0$i1 LEADER 01743nam2 22003973i 450 001 CAG0002755 005 20251003044101.0 020 $aIT$b805362 100 $a19920910d1979 ||||0itac50 ba 101 | $aita 102 $ait 181 1$6z01$ai $bxxxe 182 1$6z01$an 200 0 $a2 210 $aNapoli$cEdizioni scientifiche italiane$d1979 215 $a142 p.$d25 cm. 461 1$1001MIL0040357$12001 $aˆLa ‰corte dei conti strumento di attuazione della costituzione nella materia della finanza pubblica$eatti del convegno "Corte dei conti e finanza pubblica"$eNapoli-Salerno, 19-21 gennaio 1979 606 $aCORTE DEI CONTI$xCompetenze$xCongressi$x1979$2FIR$3NAPC098083$9I 606 $aCORTE DEI CONTI$xCompetenze$xCongressi$x1979$2FIR$3NAPC098083$9I 676 $a342.450664$9POTERE ESECUTIVO. AGENZIE DI REGOLAMENTAZIONE E TRIBUNALI AMMINISTRATIVI. ITALIA$v20 676 $a343.450340269$9DIRITTO FINANZIARIO. ITALIA$v21 696 $aConvegni$aCongressi e convegni$aCompetenza 696 $aConvegni$aCongressi e convegni$aCompetenza 699 $aCongressi$yConvegni 699 $aCongressi$yCongressi e convegni 699 $aCompetenze$zCompetenza 699 $aCongressi$yConvegni 699 $aCongressi$yCongressi e convegni 699 $aCompetenze$zCompetenza 801 3$aIT$bIT-000000$c19920910 850 $aIT-BN0095 $aIT-NA0070 $aIT-NA0452 $aIT-BN0015 912 $aCAG0002755 950 2$aBiblioteca Centralizzata di Ateneo$cv. 1-2$d 01D (AR) 1 850$e 01AR 0070018515 VMA (0002 v. 2$fY $h20120926$i20120926 977 $a 01$a BU$a IS$a PB 996 $a2$961340 997 $aUNISANNIO